[Event "Young Stars of the World 2007"]
[Site "Kirishi RUS"]
[Date "2007.05.25"]
[Round "9.1"]
[White "Gorovykh, Eduard"]
[Black "Negi, Parimarjan"]
[Result "1/2-1/2"]
[WhiteElo "2416"]
[BlackElo "2515"]
[PlyCount "128"]
[EventDate "2007.05.14"]
[EventType "tourn"]
[EventRounds "11"]
[EventCountry "RUS"]
[Source "lmi"]
[SourceDate "2007.05.14"]

1. e4 e5 2. Nf3 Nc6 3. Bb5 a6 4. Ba4 Nf6 5. d3 d6 6. c3 g6 7. Bg5 Bg7 8. Nbd2
h6 9. Bh4 O-O 10. Nf1 d5 11. Bc2 dxe4 12. dxe4 Qxd1+ 13. Rxd1 g5 14. Bg3 Bg4
15. Ne3 Bxf3 16. gxf3 Rfd8 17. Ke2 Ne8 18. Nd5 Kf8 19. h4 Ne7 20. hxg5 hxg5 21.
Ne3 Rxd1 22. Bxd1 Nd6 23. Rh5 f6 24. Bb3 a5 25. Rh1 a4 26. Bc2 Kf7 27. Rd1 Nec8
28. Nd5 c6 29. Ne3 Bf8 30. Bd3 b5 31. Rh1 Nb6 32. Kd2 Nd7 33. Kc1 Kg7 34. Rd1
Nc5 35. Be2 Kf7 36. Bf1 Be7 37. Bh3 Rb8 38. Nc2 Na6 39. Bf1 Rb7 40. Bh3 Rb8 41.
Bf1 Rd8 42. Be2 Nb7 43. Rh1 Kg6 44. Bf1 Nd6 45. Ne3 Nc5 46. Be2 Nd7 47. Bf1 Nc5
48. Be2 Nd7 49. Bf1 Nb6 50. Be2 Kg7 51. Rd1 Kg6 52. Rh1 Kg7 53. Rd1 Kf7 54. Rh1
Bf8 55. Rd1 Nd7 56. Rh1 Nc5 57. Rd1 Ne6 58. Rh1 Kg6 59. Bf1 Ng7 60. Bh3 Be7 61.
Bg4 Rb8 62. Bd7 c5 63. Bg4 Bf8 64. Rd1 Rb7 1/2-1/2

[Event "Young Stars of the World 2007"]
[Site "Kirishi RUS"]
[Date "2007.05.25"]
[Round "9.2"]
[White "Zhigalko, Sergei"]
[Black "Nepomniachtchi, Ian"]
[Result "1-0"]
[WhiteElo "2540"]
[BlackElo "2602"]
[PlyCount "70"]
[EventDate "2007.05.14"]
[EventType "tourn"]
[EventRounds "11"]
[EventCountry "RUS"]
[Source "lmi"]
[SourceDate "2007.05.14"]

1. e4 e6 2. d4 d5 3. e5 c5 4. c3 Qb6 5. Nf3 Bd7 6. Be2 Nc6 7. O-O Nh6 8. dxc5
Bxc5 9. b4 Be7 10. b5 Na5 11. a4 Rc8 12. Bd3 Nf5 13. g4 Nh6 14. h3 Nc4 15. Qe2
Qa5 16. Ra2 Ng8 17. Bf4 Bc5 18. Nbd2 Nxd2 19. Bxd2 Ne7 20. Rc1 O-O 21. c4 Bb4
22. c5 Ng6 23. Bxg6 fxg6 24. Nd4 Bxd2 25. Qxd2 Qc7 26. Qe3 Rce8 27. c6 Bc8 28.
cxb7 Qxb7 29. Rac2 Rf7 30. a5 Ref8 31. a6 Qd7 32. Rc6 Re7 33. Qc3 Ree8 34. Rc7
Qd8 35. Rxa7 Qg5 1-0

[Event "Young Stars of the World 2007"]
[Site "Kirishi RUS"]
[Date "2007.05.25"]
[Round "9.4"]
[White "Kuzubov, Yuriy"]
[Black "Bindrich, Falko"]
[Result "0-1"]
[WhiteElo "2564"]
[BlackElo "2469"]
[PlyCount "78"]
[EventDate "2007.05.14"]
[EventType "tourn"]
[EventRounds "11"]
[EventCountry "RUS"]
[Source "lmi"]
[SourceDate "2007.05.14"]

1. d4 Nf6 2. c4 e6 3. Nf3 b6 4. g3 Bb7 5. Bg2 Be7 6. O-O O-O 7. Nc3 Ne4 8. Bd2
f5 9. d5 Bf6 10. Rc1 Na6 11. Ne1 Nac5 12. b4 Nxc3 13. Bxc3 Ne4 14. Bxe4 fxe4
15. Bxf6 Qxf6 16. Nc2 a5 17. b5 Qe5 18. Ne3 Rf7 19. dxe6 Qxe6 20. c5 bxc5 21.
Rxc5 d6 22. Rc4 Raf8 23. Qc2 d5 24. Rd4 h5 25. Qd2 h4 26. g4 h3 27. Ra4 Qh6 28.
Qd4 Qh4 29. Kh1 Rxf2 30. Rg1 Qg5 31. Nf5 e3 32. Ra3 Rf4 33. Qa7 Rxg4 34. Ng3
Ba8 35. Rxa5 d4+ 36. Qxa8 Rxa8 37. Rxa8+ Kh7 38. Rf8 Qd5+ 39. Rf3 Rf4 0-1

[Event "Young Stars of the World 2007"]
[Site "Kirishi RUS"]
[Date "2007.05.25"]
[Round "9.5"]
[White "Mamedov, Rauf"]
[Black "Grigoryan, Avetik"]
[Result "1/2-1/2"]
[WhiteElo "2584"]
[BlackElo "2455"]
[PlyCount "34"]
[EventDate "2007.05.14"]
[EventType "tourn"]
[EventRounds "11"]
[EventCountry "RUS"]
[Source "lmi"]
[SourceDate "2007.05.14"]

1. Nf3 Nf6 2. c4 c6 3. g3 d5 4. b3 a5 5. Bg2 a4 6. Bb2 e6 7. O-O Nbd7 8. Qc2
Bb4 9. d3 Qa5 10. cxd5 exd5 11. e4 O-O 12. e5 a3 13. Bc1 Ne8 14. d4 f6 15. e6
Nb8 16. Bh3 Nd6 17. Bf4 Ne4 1/2-1/2

[Event "Young Stars of the World 2007"]
[Site "Kirishi RUS"]
[Date "2007.05.25"]
[Round "9.6"]
[White "Safarli, Eltaj"]
[Black "Popov, Ivan"]
[Result "1/2-1/2"]
[WhiteElo "2463"]
[BlackElo "2533"]
[PlyCount "189"]
[EventDate "2007.05.14"]
[EventType "tourn"]
[EventRounds "11"]
[EventCountry "RUS"]
[Source "lmi"]
[SourceDate "2007.05.14"]

1. e4 c5 2. Nf3 Nc6 3. Bb5 d6 4. Bxc6+ bxc6 5. O-O Bg4 6. h3 Bh5 7. Re1 e5 8.
d3 Be7 9. Nbd2 Nf6 10. Nf1 Nd7 11. c3 f6 12. Ng3 Bf7 13. Nf5 O-O 14. N3h4 Kh8
15. d4 g6 16. dxe5 dxe5 17. Nxe7 Qxe7 18. Nf3 c4 19. Be3 Rfb8 20. Re2 Nb6 21.
Rd2 Rd8 22. b4 Rxd2 23. Qxd2 Rd8 24. Qc2 Qd7 25. Bxb6 axb6 26. a4 Ra8 27. Rd1
Qc7 28. Nh2 c5 29. b5 Kg7 30. Ng4 h5 31. Ne3 Ra5 32. Rd2 Qa7 33. Qd1 Rxa4 34.
Rd7 Qa8 35. Rxf7+ Kxf7 36. Qd7+ Kg8 37. Qe6+ Kg7 38. Qe7+ Kh6 39. Nd5 Ra7 40.
Qxf6 Qe8 41. h4 Rf7 42. Qxb6 Kg7 43. Qxc5 Qf8 44. Qe3 Kh7 45. b6 Qh6 46. Qe2
Qf8 47. Qe3 Qc8 48. f3 Qd8 49. Qf2 Qd6 50. Qg3 Rb7 51. Kh2 Rf7 52. Qg5 Kg7 53.
Qg3 Kh7 54. Qh3 Qd8 55. Kg3 Qe8 56. b7 Qb8 57. Qc8 Qxb7 58. Qxc4 Qb1 59. Qe2
Qc1 60. Kh2 Rb7 61. Qf2 Rb8 62. Qa7+ Kh6 63. Qe3+ Qxe3 64. Nxe3 Kg7 65. Kg3 Rb1
66. Nd5 Rh1 67. Nb6 Rd1 68. Nd5 Rd2 69. Nb6 Kf6 70. Nd5+ Kf7 71. Kh3 Rc2 72.
Kg3 Ke6 73. Nc7+ Kd6 74. Nd5 Ra2 75. Nb6 Rc2 76. Nd5 Rd2 77. Kh3 Kc5 78. Ne7
Rd6 79. Nd5 Kc4 80. g4 Kd3 81. Kg3 Re6 82. Kh3 Re8 83. Kg3 Rf8 84. g5 Ra8 85.
Ne7 Ra6 86. Nd5 Ra7 87. Kf2 Rf7 88. Kg3 Ke2 89. Nf6 Rc7 90. Nd5 Rc4 91. Kg2 Ra4
92. Ne7 Ra6 93. Kg3 Kd3 94. Nd5 Kc4 95. Kf2 1/2-1/2

[Event "Young Stars of the World 2007"]
[Site "Kirishi RUS"]
[Date "2007.05.26"]
[Round "10.2"]
[White "Grigoryan, Avetik"]
[Black "Safarli, Eltaj"]
[Result "1/2-1/2"]
[WhiteElo "2455"]
[BlackElo "2463"]
[PlyCount "40"]
[EventDate "2007.05.14"]
[EventType "tourn"]
[EventRounds "11"]
[EventCountry "RUS"]
[Source "lmi"]
[SourceDate "2007.05.14"]

1. d4 Nf6 2. c4 e6 3. g3 Bb4+ 4. Bd2 Qe7 5. Bg2 O-O 6. Nf3 Nc6 7. O-O Bxd2 8.
Qxd2 d6 9. d5 exd5 10. cxd5 Ne5 11. Na3 Nxf3+ 12. Bxf3 Bg4 13. Bxg4 Nxg4 14.
Rac1 Rae8 15. h3 Nf6 16. Rc2 Qd7 17. Kg2 Re5 18. Qb4 b6 19. Qc4 Nxd5 20. e4 Nf6
1/2-1/2

[Event "Young Stars of the World 2007"]
[Site "Kirishi RUS"]
[Date "2007.05.26"]
[Round "10.3"]
[White "Bindrich, Falko"]
[Black "Mamedov, Rauf"]
[Result "0-1"]
[WhiteElo "2469"]
[BlackElo "2584"]
[PlyCount "132"]
[EventDate "2007.05.14"]
[EventType "tourn"]
[EventRounds "11"]
[EventCountry "RUS"]
[Source "lmi"]
[SourceDate "2007.05.14"]

1. e4 c5 2. Nf3 Nc6 3. Nc3 Nf6 4. d4 cxd4 5. Nxd4 e5 6. Ndb5 d6 7. Bg5 a6 8.
Na3 b5 9. Nd5 Be7 10. Bxf6 Bxf6 11. c4 b4 12. Nc2 Rb8 13. Be2 O-O 14. O-O Bg5
15. Qd3 Be6 16. b3 a5 17. Rad1 g6 18. Bf3 Qd7 19. Qe3 f6 20. Qe2 Qa7 21. Rd3
Rbd8 22. Nde3 Qc5 23. Rfd1 Ne7 24. Qd2 Nc8 25. Qe2 Kh8 26. g3 Bh6 27. Bg2 Ne7
28. Qd2 Nc8 29. Qe2 Rd7 30. h4 Rdf7 31. Kh2 Rg7 32. Bh3 f5 33. exf5 gxf5 34.
Qh5 Rg6 35. Rf1 Ne7 36. f4 Rfg8 37. Rd2 Bf7 38. Nxf5 Nxf5 39. Qxf5 Be6 40. Qxe6
Rxe6 41. Bxe6 Rf8 42. Bd5 exf4 43. Rdf2 Qc8 44. gxf4 Qg4 45. f5 Qxh4+ 46. Kg1
Bg7 47. Rg2 h6 48. Rg6 Rf6 49. Rg2 Rf8 50. Rg6 Be5 51. Rf2 Rxf5 52. Rg8+ Kh7
53. Rxf5 Qh2+ 54. Kf1 Qh3+ 55. Ke2 Qxf5 56. Ne3 Qb1 57. Kf3 Qxa2 58. Rg2 Qa1
59. Be4+ Kh8 60. Rg4 Bd4 61. Nf5 Qd1+ 62. Kg3 Qxb3+ 63. Kg2 Qb2+ 64. Kg3 Be5+
65. Kf3 Qc3+ 66. Kf2 Qd2+ 0-1

[Event "Young Stars of the World 2007"]
[Site "Kirishi RUS"]
[Date "2007.05.26"]
[Round "10.4"]
[White "Andriasian, Zaven"]
[Black "Kuzubov, Yuriy"]
[Result "1-0"]
[WhiteElo "2523"]
[BlackElo "2545"]
[PlyCount "125"]
[EventDate "2007.05.14"]
[EventType "tourn"]
[EventRounds "11"]
[EventCountry "RUS"]
[Source "lmi"]
[SourceDate "2007.05.14"]

1. e4 c5 2. Nc3 Nc6 3. f4 g6 4. Nf3 Bg7 5. Bb5 Nd4 6. O-O Nxb5 7. Nxb5 Nf6 8.
d3 O-O 9. Qe1 d5 10. Nc3 Qd7 11. f5 dxe4 12. dxe4 gxf5 13. e5 Ne4 14. Nxe4 fxe4
15. Qxe4 Qg4 16. Qd5 Bf5 17. Qxb7 e6 18. Qb3 c4 19. Qc3 f6 20. h3 Qg3 21. Qe1
Qxe1 22. Rxe1 Bxc2 23. Nd4 Bf5 24. Nxf5 exf5 25. e6 Rab8 26. Re2 Rfe8 27. Bf4
Rb6 28. Rc1 Rbxe6 29. Rxe6 Rxe6 30. Rxc4 Re2 31. Bc1 Bf8 32. Kf1 Re4 33. Rc7 a5
34. Bd2 Bb4 35. Bh6 Be7 36. Bd2 Bb4 37. Bc3 Bxc3 38. Rxc3 a4 39. Kf2 Kf7 40. b3
axb3 41. axb3 Rb4 42. Ke2 Ke6 43. Rd3 Ke5 44. Kd2 Ke4 45. Re3+ Kd4 46. Rf3 Rb8
47. g3 h5 48. h4 Ke5 49. Kc2 Rg8 50. b4 f4 51. gxf4+ Ke4 52. Rf1 Kd4 53. Kb3
Rb8 54. Re1 Rb5 55. Ka4 Rf5 56. Rf1 Ke4 57. b5 Kd5 58. Ka5 Kc4 59. Ka6 Rd5 60.
b6 Rd2 61. b7 Rb2 62. Ka7 Ra2+ 63. Kb6 1-0

[Event "Young Stars of the World 2007"]
[Site "Kirishi RUS"]
[Date "2007.05.26"]
[Round "10.5"]
[White "Nepomniachtchi, Ian"]
[Black "Lintchevski, Daniil"]
[Result "1/2-1/2"]
[WhiteElo "2602"]
[BlackElo "2445"]
[PlyCount "81"]
[EventDate "2007.05.14"]
[EventType "tourn"]
[EventRounds "11"]
[EventCountry "RUS"]
[Source "lmi"]
[SourceDate "2007.05.14"]

1. e4 e6 2. d4 d5 3. Nc3 Nf6 4. e5 Nfd7 5. f4 c5 6. Nf3 Nc6 7. Be3 a6 8. Qd2 b5
9. a3 Qa5 10. Ra2 Qb6 11. Ne2 b4 12. axb4 Nxb4 13. Ra1 Bb7 14. Ng3 g6 15. Be2
Nc6 16. c3 cxd4 17. Nxd4 Nxd4 18. Bxd4 Bc5 19. O-O a5 20. Ra3 O-O 21. h4 Ba6
22. Rfa1 Bxd4+ 23. cxd4 Bxe2 24. Nxe2 Rfb8 25. R1a2 Qb4 26. Qxb4 Rxb4 27. Kf2
h5 28. Kf3 Rab8 29. g4 Rb3+ 30. Rxb3 Rxb3+ 31. Nc3 Nb6 32. Rxa5 Rxb2 33. Rb5
Rxb5 34. Nxb5 hxg4+ 35. Kxg4 Nc4 36. Kg5 Kg7 37. Nd6 Ne3 38. h5 gxh5 39. Kxh5
Nc2 40. Nb5 f6 41. Kg4 1/2-1/2

[Event "Young Stars of the World 2007"]
[Site "Kirishi RUS"]
[Date "2007.05.26"]
[Round "10.6"]
[White "Gorovykh, Eduard"]
[Black "Zhigalko, Sergei"]
[Result "0-1"]
[WhiteElo "2416"]
[BlackElo "2540"]
[PlyCount "56"]
[EventDate "2007.05.14"]
[EventType "tourn"]
[EventRounds "11"]
[EventCountry "RUS"]
[Source "lmi"]
[SourceDate "2007.05.14"]

1. e4 c5 2. Nf3 Nc6 3. d4 cxd4 4. Nxd4 Nf6 5. Nc3 e5 6. Ndb5 d6 7. Bg5 a6 8.
Na3 b5 9. Nd5 Be7 10. Bxf6 Bxf6 11. c4 b4 12. Nc2 a5 13. g3 O-O 14. h4 g6 15.
h5 Bg5 16. Bh3 Bb7 17. Kf1 Ne7 18. Kg2 Nxd5 19. cxd5 Kg7 20. Ne1 f5 21. hxg6
hxg6 22. g4 fxe4 23. f3 Qb6 24. Rf1 Rf7 25. fxe4 Rxf1 26. Kxf1 Rf8+ 27. Kg2
Qf2+ 28. Kh1 Be3 0-1

[Event "World's Youth Stars"]
[Site "Kirishi RUS"]
[Date "2007.05.27"]
[Round "11"]
[White "Lintchevski, D."]
[Black "Gorovykh, E."]
[Result "1-0"]
[WhiteElo "2445"]
[BlackElo "2416"]
[PlyCount "74"]
[EventDate "2007.05.16"]

1. e4 c5 2. c3 e6 3. d4 d5 4. e5 Qb6 5. Nf3 Bd7 6. a3 a5 7. b3 Na6 8. Bd3 cxd4
9. cxd4 Ne7 10. Nc3 Nc6 11. Be3 Rc8 12. O-O Na7 13. Na4 Qd8 14. Bg5 Be7 15.
Bxe7 Qxe7 16. Nb6 Rc6 17. Nxd7 Qxd7 18. Qd2 Qc7 19. b4 b5 20. bxa5 O-O 21. a4
bxa4 22. Rxa4 Rb8 23. h4 h6 24. Ra3 Rb7 25. g4 Nb4 26. Bb1 Rc4 27. g5 hxg5 28.
hxg5 Nb5 29. Rb3 Nc6 30. Rd3 Nxa5 31. Qf4 Nc3 32. Rxc3 Rxc3 33. g6 Rcb3 34. Ng5
f6 35. Nxe6 Qb6 36. Bf5 Re7 37. Nc5 Rf3 1-0

[Event "World's Youth Stars"]
[Site "Kirishi RUS"]
[Date "2007.05.27"]
[Round "11"]
[White "Mamedov, Rau"]
[Black "Andriasian, Z."]
[Result "1-0"]
[WhiteElo "2584"]
[BlackElo "2523"]
[PlyCount "87"]
[EventDate "2007.05.16"]

1. e4 c5 2. Nf3 d6 3. d4 cxd4 4. Nxd4 Nf6 5. Nc3 a6 6. Bg5 e6 7. f4 Qb6 8. Qd3
Nc6 9. Bxf6 gxf6 10. Nb3 Bd7 11. Be2 h5 12. Rf1 h4 13. O-O-O O-O-O 14. Qh3 Kb8
15. Bg4 Bc8 16. Kb1 Qc7 17. f5 Qe7 18. Na4 Ne5 19. Nb6 Rg8 20. Be2 Qc7 21. Nxc8
Rxc8 22. c3 Qe7 23. Nd4 d5 24. fxe6 fxe6 25. exd5 exd5 26. Ka1 Qg7 27. Qxh4
Qxg2 28. Qxf6 Nc6 29. Qf5 Ka8 30. Bf3 Qg5 31. Qxg5 Rxg5 32. Ne6 Re5 33. Bxd5
Bh6 34. Rf7 Ka7 35. a4 Na5 36. Bxb7 Nxb7 37. Rdd7 Rb8 38. Nd8 Rxd8 39. Rxd8 Re6
40. Rdd7 Rb6 41. a5 Rb5 42. c4 Rb4 43. c5 Ka8 44. c6 1-0

[Event "World's Youth Stars"]
[Site "Kirishi RUS"]
[Date "2007.05.27"]
[Round "11"]
[White "Popov, Iv RUS"]
[Black "Grigoryan, Av"]
[Result "1-0"]
[WhiteElo "2533"]
[BlackElo "2455"]
[PlyCount "75"]
[EventDate "2007.05.16"]

1. d4 d5 2. Bg5 f6 3. Bh4 Nh6 4. f3 c5 5. dxc5 e5 6. Bf2 Nc6 7. e4 dxe4 8.
Qxd8+ Kxd8 9. Nc3 exf3 10. O-O-O+ Ke8 11. gxf3 Be6 12. Bb5 Kf7 13. Nge2 Be7 14.
Nd5 a6 15. Ba4 Nd4 16. Nxd4 Bxd5 17. Bb3 Rhd8 18. Bxd5+ Rxd5 19. Nb3 Rxd1+ 20.
Rxd1 Ke6 21. Na5 Rb8 22. Rd3 f5 23. Rb3 Bg5+ 24. Kb1 Rd8 25. Rb6+ Kf7 26. Rxb7+
Ke6 27. Rb6+ Kf7 28. b4 e4 29. Nc4 Rd1+ 30. Kb2 Bf6+ 31. Kb3 exf3 32. c6 Ng8
33. c7 Ne7 34. Bc5 Rd7 35. Rb7 Nc8 36. Nb6 Be7 37. Nxc8 Bxc5 38. Nd6+ 1-0

[Event "World's Youth Stars"]
[Site "Kirishi RUS"]
[Date "2007.05.27"]
[Round "11"]
[White "Safarli, E."]
[Black "Bindrich, F."]
[Result "1/2-1/2"]
[WhiteElo "2463"]
[BlackElo "2469"]
[PlyCount "87"]
[EventDate "2007.05.16"]

1. e4 e5 2. Nf3 Nc6 3. Bc4 Bc5 4. c3 Nf6 5. d3 d6 6. Bb3 O-O 7. Nbd2 Kh8 8. Nf1
Ng4 9. d4 exd4 10. cxd4 Bb4+ 11. N1d2 f5 12. O-O Bxd2 13. Bxd2 fxe4 14. Ng5
Nxd4 15. Nf7+ Rxf7 16. Bxf7 Qf6 17. Bh5 Qh4 18. Bf4 c5 19. Be8 Be6 20. Bg3 Qg5
21. Ba4 h5 22. h4 Qh6 23. Re1 b5 24. Bb3 d5 25. Rc1 Nf5 26. Rxc5 Nxg3 27. fxg3
Qf6 28. Rf1 Qe5 29. Rxd5 Bxd5 30. Qxd5 Qxd5 31. Bxd5 Re8 32. Bf7 Re5 33. Bg6
Kg8 34. Rf5 Rxf5 35. Bxf5 Ne3 36. Bxe4 Nd1 37. Bf3 Nxb2 38. Bxh5 a5 39. Kf2 b4
40. Bf3 Kf7 41. Ke3 Kf6 42. Kd4 a4 43. Bd5 Kf5 44. Kc5 1/2-1/2

[Event "World's Youth Stars"]
[Site "Kirishi RUS"]
[Date "2007.05.27"]
[Round "11"]
[White "Zhigalko, S."]
[Black "Negi, P."]
[Result "1-0"]
[WhiteElo "2540"]
[BlackElo "2515"]
[PlyCount "97"]
[EventDate "2007.05.16"]

1. e4 c5 2. Nf3 d6 3. d4 cxd4 4. Qxd4 Nf6 5. Bg5 Nc6 6. Bb5 Qa5+ 7. Nc3 Qxb5 8.
Nxb5 Nxd4 9. Nfxd4 Rb8 10. Bxf6 gxf6 11. Nxa7 Bd7 12. c4 Rg8 13. g3 f5 14. Nxf5
d5 15. Nb5 dxc4 16. Nc7+ Kd8 17. Nd5 Rg6 18. O-O-O b5 19. Nb4 Ra8 20. a3 Rb6
21. Rd2 e6 22. Rhd1 Ra7 23. Nd6 f6 24. e5 Bxd6 25. Rxd6 Rxd6 26. Rxd6 Ke7 27.
f4 fxe5 28. fxe5 Rc7 29. Na6 Rc8 30. Kd2 Bc6 31. Kc3 Bd5 32. Nb4 Bg2 33. Rb6
Kf7 34. Rxb5 Kg6 35. a4 Kf5 36. a5 Kg4 37. Rb6 Kf5 38. Kd4 Bf1 39. Nc6 Kg4 40.
a6 Bg2 41. Kc5 Kh3 42. a7 Kxh2 43. Ra6 Ra8 44. Kb6 Kxg3 45. Kb7 Rf8 46. a8=Q
Rxa8 47. Rxa8 h5 48. Rg8+ Kf2 49. Rh8 1-0